Famous Roblox Games - Statistics

General Stats
  • This quiz has been taken 53 times
  • The average score is 3 of 6
Answer Stats
Creator Game % Correct
Nikilis Murder Mystery 2
81%
Badimo Jailbreak
72%
Coeptus Bloxburg
53%
StyLiS Studios Phantom Forces
32%
Chillz Studios Build A Boat For Treasure
21%
Simbuilder Vehicle Simulator
21%
No matching quizzes found
Score Distribution
Percent of People with Each Score
Percentile by Number Answered
Your Score History
You have not taken this quiz